<?xml version="1.0" encoding="UTF-8"?>
<marc:record xmlns:marc="http://www.loc.gov/MARC21/slim">
   <marc:leader>00000nam a2200000 a 4500</marc:leader>
   <marc:datafield ind1="1" ind2=" " tag="100">
      <marc:subfield code="a">Pauly, Gisa</marc:subfield>
      <marc:subfield code="4">aut</marc:subfield>
      <marc:subfield code="e">Verfasser/-in</marc:subfield>
   </marc:datafield>
   <marc:datafield ind1=" " ind2=" " tag="653">
      <marc:subfield code="a">Krimi</marc:subfield>
   </marc:datafield>
   <marc:datafield ind1=" " ind2=" " tag="653">
      <marc:subfield code="a">Sylt</marc:subfield>
   </marc:datafield>
   <marc:datafield ind1=" " ind2=" " tag="653">
      <marc:subfield code="a">Deutschland</marc:subfield>
   </marc:datafield>
   <marc:datafield ind1=" " ind2=" " tag="653">
      <marc:subfield code="a">Kriminalroman</marc:subfield>
   </marc:datafield>
   <marc:datafield ind1="0" ind2="0" tag="245">
      <marc:subfield code="a">Breitseite</marc:subfield>
   </marc:datafield>
   <marc:datafield ind1="0" ind2="0" tag="245">
      <marc:subfield code="b">ein Sylt-Krimi</marc:subfield>
   </marc:datafield>
   <marc:datafield ind1="0" ind2="0" tag="245">
      <marc:subfield code="c">Gisa Pauly</marc:subfield>
   </marc:datafield>
   <marc:datafield ind1=" " ind2="1" tag="264">
      <marc:subfield code="a">München</marc:subfield>
      <marc:subfield code="b">Piper</marc:subfield>
      <marc:subfield code="c">2024</marc:subfield>
   </marc:datafield>
   <marc:datafield ind1="1" ind2=" " tag="490">
      <marc:subfield code="a">Mamma Carlotta ermittelt</marc:subfield>
      <marc:subfield code="v">18</marc:subfield>
   </marc:datafield>
   <marc:datafield ind1="1" ind2=" " tag="520">
      <marc:subfield code="a">Mamma Carlottas Enkelin Carolin ist endlich zurück in ihrem Elternhaus, was für ein Glück! Dass sie neuerdings als Reporterin die Insel unsicher macht, führt jedoch zu Reibereien mit Vater Erik, seines Zeichens Kriminalhauptkommissar von Sylt. Er lässt sich ungern in die Karten schauen, erst recht nicht bei einem Leichenfund in der Heide. Doch ausgerechnet seine neugierige Schwiegermutter Carlotta findet heraus, dass bei diesem Fall ein verschwundenes Gemälde eine große Rolle spielt. Es zahlt sich mal wieder aus, dass sie auf der Insel Hinz und Kunz kennt! Damit das so bleibt überredet Carolin ihre Oma zu einem Speeddating - mit Folgen! Auf einmal hat es Mamma Carlotta nicht nur mit einem neuen Verehrer zu tun, sie muss sich auch auf ordentlich Breitseite einstelllen ... (Verlagstext)</marc:subfield>
   </marc:datafield>
   <marc:datafield ind1=" " ind2=" " tag="020">
      <marc:subfield code="a">9783492317382</marc:subfield>
      <marc:subfield code="9">9783492317382</marc:subfield>
   </marc:datafield>
   <marc:datafield ind1=" " ind2=" " tag="020">
      <marc:subfield code="a">3492317383</marc:subfield>
      <marc:subfield code="9">3492317383</marc:subfield>
   </marc:datafield>
   <marc:datafield ind1=" " ind2=" " tag="300">
      <marc:subfield code="a">415 S.</marc:subfield>
   </marc:datafield>
</marc:record>
